Представление документа в формате MARC21

ПолеНазваниеЗначение
  Тип записи a
  Библиографический уровень m
001 Контрольный номер RU\infra-m\znanium\bibl\2239606
005 Дата корректировки 20260429142234.8
008 Кодируемые данные 260316s2026 RU g rus u
020 Индекс ISBN __
a ISBN 978-5-16-019393-9
020 Индекс ISBN __
a ISBN 978-5-16-112044-6 (электр. издание)
040 Источник каталогиз. __
a Служба первич. каталог. Общество с ограниченной ответственностью «ЗНАНИУМ»
041 Код языка издания __
a Код языка текста rus
044 Код страны публикации __
a Код страны публикации RU
080 Индекс УДК __
a Индекс УДК 347.6(075.32)
084 Индекс другой классификации/Индекс ББК __
2 Источник индекса rubbk
a Индекс другой классификации/Индекс ББК 67.404.4я723
084 Индекс другой классификации/Индекс ББК __
2 Источник индекса okso
a Индекс другой классификации/Индекс ББК 40.02.02
084 Индекс другой классификации/Индекс ББК __
2 Источник индекса okso
a Индекс другой классификации/Индекс ББК 40.02.04
100 Автор __
a Автор Демичев А.А.
q Полное имя Демичев Алексей Андреевич
u Дополнение Нижегородская академия Министерства внутренних дел Российской Федерации
245 Заглавие __
a Заглавие Семейное право
b Продолж. заглавия Учебник
c Ответственность Нижегородская академия Министерства внутренних дел Российской Федерации; Нижегородская академия Министерства внутренних дел Российской Федерации
250 Сведения об издании __
g перераб. и доп.
a Основные сведения об издании 3
260 Выходные данные __
a Место издания Москва
b Издательство ООО "Научно-издательский центр ИНФРА-М"
c Дата издания 2026
300 Физическое описание __
a Объем 291 с.
440 Серия __
a Серия Среднее профессиональное образование
520 Аннотация __
a Аннотация В учебнике рассматриваются проблемы курса семейного права с учетом действующего семейного гражданского гражданского процессуального законодательства и судебной практики. Соответствует требованиям федеральных государственных образовательных стандартов среднего профессионального образования последнего поколения. Для учащихся учреждений среднего профессионального образования обучающихся по специальностям «Юриспруденция» и «Правоохранительная деятельность» студентов вузов а также всех интересующихся проблемами семейного права Российской Федерации.
521 Примеч. о цел. назн. __
a Примеч. о целев. назн. Среднее профессиональное образование
650 Тематические рубрики __
a Основная рубрика Право. Юридические науки
x Основная подрубрика Семейное право
655 Указ. предметных рубрик (устаревшее) __
a Жанр/ форма (устаревшее) Учебник
700 Другие авторы __
a Другие авторы Голованова О.В.
q Полное имя Голованова Оксана Владимировна
u Дополнение Национальный исследовательский университет "Высшая школа экономики", ф-л Нижний Новгород
700 Другие авторы __
a Другие авторы Карпычев М. В.
q Полное имя Карпычев Михаил Владимирович
u Дополнение Нижегородская академия Министерства внутренних дел Российской Федерации
700 Другие авторы __
a Другие авторы Грачева О.С.
q Полное имя Грачева Оксана Сергеевна
u Дополнение Нижегородская академия Министерства внутренних дел Российской Федерации
700 Другие авторы __
a Другие авторы Пчелкин А.В.
q Полное имя Пчелкин Александр Владимирович
u Дополнение Национальный исследовательский университет "Высшая школа экономики", ф-л Нижний Новгород
700 Другие авторы __
a Другие авторы Сокова З.К.
q Полное имя Сокова Зинаида Константиновна
700 Другие авторы __
a Другие авторы Хужин А.М.
q Полное имя Хужин Альфир Мисхатович
u Дополнение Нижегородская академия Министерства внутренних дел Российской Федерации
700 Другие авторы __
a Другие авторы Демичев А.А.
q Полное имя Демичев Алексей Андреевич
u Дополнение Нижегородская академия Министерства внутренних дел Российской Федерации
856 Электронный адрес документа 4_
a Имя сервера/домена znanium.ru
m Помощь ebs_support@infra-m.ru
n Местонахождение сервера НИЦ ИНФРА-М
u URL https://znanium.ru/catalog/document?id=479532
856 Электронный адрес документа 48
a Имя сервера/домена znanium.ru
d Путь /cover/2239
f Электронное имя 2239606.jpg
q Тип электронного формата image/jpeg
u URL https://znanium.ru/cover/2239/2239606.jpg
911 __
u 0030=https://znanium.ru/catalog/document?id=479532
911 __
u 712a=Нижегородская академия Министерства внутренних дел Российской Федерации